000 00356nam a2200157Ia 4500
008 230917s9999||||xx |||||||||||||| ||und||
020 _cPON6.95
040 _e23954
_aMAIN
041 _aEnglish
082 _a809, B733F
100 _aBrandell, Gunner
245 0 _aFreud: a man of his centry
260 _c1979
300 _axi,110p p.
942 _cOB
999 _c208593
_d208593